{"text_format":"3","workbook":"xlsx","n_sheets":1,"sheets":["t185"],"read":"whole","date_system":"1900"}

{"sheet":"t185","index":0,"n_rows":164,"n_cols":7,"rows_kept":164,"merged":[[0,0,0,6],[30,0,30,5],[47,0,47,5],[144,0,144,5]]}
["TABELA 185.1 - Estatísticas Agrícolas, Município de Florínea, Estado de São Paulo, 2007/08."]
["ITEM","UNIDADE","N.DE UPAs","MÍNIMO","MÉDIO","MÁXIMO","TOTAL"]
["Distância à sede do município","km",196,{"v":0,"d":"0.0"},{"v":8.21,"d":"8.2"},{"v":23,"d":"23.0"},"-"]
["Área total","hectare",196,0.6,{"v":95,"d":"95.0"},{"v":1387.8,"d":"1,387.8"},{"v":18619.9,"d":"18,619.9"}]
["Área com cultura perene","hectare",8,0.5,{"v":11.75,"d":"11.8"},{"v":26,"d":"26.0"},{"v":94,"d":"94.0"}]
["Área com cultura temporária","hectare",181,1.5,93.9,{"v":1345.8,"d":"1,345.8"},{"v":16995.5,"d":"16,995.5"}]
["Área com pastagem","hectare",46,0.2,{"v":11.54,"d":"11.5"},{"v":121,"d":"121.0"},530.9]
["Área com reflorestamento","hectare",16,0.6,{"v":5.22,"d":"5.2"},{"v":18,"d":"18.0"},83.5]
["Área com vegetação natural","hectare",109,0.1,{"v":5.99,"d":"6.0"},72.6,652.8]
["Área com vegetação de brejo e várzea","hectare",32,0.3,{"v":4.69,"d":"4.7"},24.2,{"v":150,"d":"150.0"}]
["Área em descanso","hectare","-","-","-","-",{"v":0,"d":"0.0"}]
["Área complementar","hectare",85,0.1,{"v":1.33,"d":"1.3"},12.5,113.2]
["Área das UPAs com (0, 1] ha","hectare",1,0.6,0.6,0.6,0.6]
["Área das UPAs com (1, 2] ha","hectare",2,1.8,1.8,1.8,3.6]
["Área das UPAs com (2, 5] ha","hectare",28,2.4,{"v":3.86,"d":"3.9"},4.8,108.2]
["Área das UPAs com (5, 10] ha","hectare",18,5.4,{"v":7.71,"d":"7.7"},{"v":10,"d":"10.0"},138.8]
["Área das UPAs com (10, 20] ha","hectare",28,10.9,{"v":15.31,"d":"15.3"},19.8,428.7]
["Área das UPAs com (20, 50] ha","hectare",35,21.7,{"v":31.36,"d":"31.4"},48.4,{"v":1097.5,"d":"1,097.5"}]
["Área das UPAs com (50, 100] ha","hectare",43,50.8,{"v":70.57,"d":"70.6"},{"v":98,"d":"98.0"},{"v":3034.3,"d":"3,034.3"}]
["Área das UPAs com (100, 200] ha","hectare",14,101.5,{"v":133.69,"d":"133.7"},180.1,{"v":1871.6,"d":"1,871.6"}]
["Área das UPAs com (200, 500] ha","hectare",20,200.8,{"v":309.13,"d":"309.1"},474.1,{"v":6182.5,"d":"6,182.5"}]
["Área das UPAs com (500, 1.000] ha","hectare",5,517.9,657.2,741.8,{"v":3286,"d":"3,286.0"}]
["Área das UPAs com (1.000, 2.000] ha","hectare",2,{"v":1080.3,"d":"1,080.3"},{"v":1234.05,"d":"1,234.1"},{"v":1387.8,"d":"1,387.8"},{"v":2468.1,"d":"2,468.1"}]
["Área das UPAs com (2.000, 5.000] ha","hectare","-","-","-","-","-"]
["Área das UPAs com (5.000, 10.000] ha","hectare","-","-","-","-","-"]
["Área das UPAs acima de 10.000 ha","hectare","-","-","-","-","-"]
["Familiares do proprietário que trabalham na UPA","unidade",174,{"v":1,"d":"1.0"},{"v":1.67,"d":"1.7"},{"v":8,"d":"8.0"},{"v":291,"d":"291.0"}]
["Trabalhadores permanentes","unidade",61,{"v":1,"d":"1.0"},{"v":2.62,"d":"2.6"},{"v":12,"d":"12.0"},{"v":160,"d":"160.0"}]
["Fonte: Secretaria de Agricultura e Abastecimento, CDRS/IEA, Projeto LUPA."]
[]
["TABELA 185.2 - Explorações Animais, Município de Florínea, Estado de São Paulo, 2007/08."]
["ITEM","UNIDADE","N.DE UPAs","MÍNIMO","MÉDIO","MÁXIMO","TOTAL"]
["Asininos E Muares","cabeças",1,{"v":1,"d":"1.0"},{"v":1,"d":"1.0"},{"v":1,"d":"1.0"},{"v":1,"d":"1.0"}]
["Avicultura de Corte","cabeças/ano",2,{"v":10,"d":"10.0"},{"v":50,"d":"50.0"},{"v":90,"d":"90.0"},{"v":100,"d":"100.0"}]
["Avicultura Ornamental/Decorativa/Exótica","cabeças",1,{"v":50,"d":"50.0"},{"v":50,"d":"50.0"},{"v":50,"d":"50.0"},{"v":50,"d":"50.0"}]
["Avicultura para Ovos","cabeças",2,{"v":50,"d":"50.0"},{"v":75,"d":"75.0"},{"v":100,"d":"100.0"},{"v":150,"d":"150.0"}]
["Bovinocultura de Corte","cabeças",6,{"v":3,"d":"3.0"},{"v":39.17,"d":"39.2"},{"v":100,"d":"100.0"},{"v":235,"d":"235.0"}]
["Bovinocultura Leiteira","cabeças",9,{"v":2,"d":"2.0"},{"v":6.33,"d":"6.3"},{"v":12,"d":"12.0"},{"v":57,"d":"57.0"}]
["Bovinocultura Mista","cabeças",24,{"v":3,"d":"3.0"},{"v":16.92,"d":"16.9"},{"v":110,"d":"110.0"},{"v":406,"d":"406.0"}]
["Caprinocultura","cabeças",1,{"v":40,"d":"40.0"},{"v":40,"d":"40.0"},{"v":40,"d":"40.0"},{"v":40,"d":"40.0"}]
["Equinocultura","cabeças",23,{"v":1,"d":"1.0"},3.3,{"v":10,"d":"10.0"},{"v":76,"d":"76.0"}]
["Outra Exploração Animal","cabeças",1,{"v":1,"d":"1.0"},{"v":1,"d":"1.0"},{"v":1,"d":"1.0"},{"v":1,"d":"1.0"}]
["Ovinocultura","cabeças",5,{"v":10,"d":"10.0"},{"v":294,"d":"294.0"},{"v":1100,"d":"1,100.0"},{"v":1470,"d":"1,470.0"}]
["Piscicultura","m² tanques",3,{"v":14000,"d":"14,000.0"},{"v":16333.33,"d":"16,333.3"},{"v":20000,"d":"20,000.0"},{"v":49000,"d":"49,000.0"}]
["Suinocultura","cabeças",38,{"v":1,"d":"1.0"},{"v":17.82,"d":"17.8"},{"v":100,"d":"100.0"},{"v":677,"d":"677.0"}]
["Fonte: Secretaria de Agricultura e Abastecimento, CDRS/IEA, Projeto LUPA."]
[]
["TABELA 185.3 -  Máquinas, Implementos e Benfeitorias, Município de Florínea, Estado de São Paulo, 2007/08."]
["ITEM","UNIDADE","N.DE UPAs","MÍNIMO","MÉDIO","MÁXIMO","TOTAL"]
["Arado Comum (Bacia, Aiveca)","Unidade",22,{"v":1,"d":"1.0"},{"v":1.41,"d":"1.4"},{"v":3,"d":"3.0"},{"v":31,"d":"31.0"}]
["Arado Escarificador","Unidade",26,{"v":1,"d":"1.0"},{"v":2,"d":"2.0"},{"v":7,"d":"7.0"},{"v":52,"d":"52.0"}]
["Arado Subsolador","Unidade",18,{"v":1,"d":"1.0"},{"v":1.56,"d":"1.6"},{"v":5,"d":"5.0"},{"v":28,"d":"28.0"}]
["Batedeira de Cereais","Unidade",3,{"v":1,"d":"1.0"},{"v":1,"d":"1.0"},{"v":1,"d":"1.0"},{"v":3,"d":"3.0"}]
["Câmara Fria","Unidade",1,{"v":1,"d":"1.0"},{"v":1,"d":"1.0"},{"v":1,"d":"1.0"},{"v":1,"d":"1.0"}]
["Carregadeira de Cana","Unidade",2,{"v":1,"d":"1.0"},{"v":1,"d":"1.0"},{"v":1,"d":"1.0"},{"v":2,"d":"2.0"}]
["Colhedeira Acoplada","Unidade",5,{"v":1,"d":"1.0"},1.8,{"v":3,"d":"3.0"},{"v":9,"d":"9.0"}]
["Colhedeira Automotriz","Unidade",16,{"v":1,"d":"1.0"},{"v":1.94,"d":"1.9"},{"v":4,"d":"4.0"},{"v":31,"d":"31.0"}]
["Conjunto de Fenação","Unidade",1,{"v":1,"d":"1.0"},{"v":1,"d":"1.0"},{"v":1,"d":"1.0"},{"v":1,"d":"1.0"}]
["Desintegrador, Picador, Triturador","Unidade",29,{"v":1,"d":"1.0"},{"v":1.03,"d":"1.0"},{"v":2,"d":"2.0"},{"v":30,"d":"30.0"}]
["Distribuidor de Calcário","Unidade",11,{"v":1,"d":"1.0"},{"v":1.18,"d":"1.2"},{"v":2,"d":"2.0"},{"v":13,"d":"13.0"}]
["Ensiladeira","Unidade",4,{"v":1,"d":"1.0"},{"v":1,"d":"1.0"},{"v":1,"d":"1.0"},{"v":4,"d":"4.0"}]
["Grade Aradora (Tipo Romi)","Unidade",30,{"v":1,"d":"1.0"},{"v":1.37,"d":"1.4"},{"v":3,"d":"3.0"},{"v":41,"d":"41.0"}]
["Grade Niveladora","Unidade",33,{"v":1,"d":"1.0"},{"v":1.76,"d":"1.8"},{"v":4,"d":"4.0"},{"v":58,"d":"58.0"}]
["Microtrator","Unidade",1,{"v":1,"d":"1.0"},{"v":1,"d":"1.0"},{"v":1,"d":"1.0"},{"v":1,"d":"1.0"}]
["Misturador de Ração","Unidade",5,{"v":1,"d":"1.0"},1.2,{"v":2,"d":"2.0"},{"v":6,"d":"6.0"}]
["Ordenhadeira Mecânica","Unidade",1,{"v":1,"d":"1.0"},{"v":1,"d":"1.0"},{"v":1,"d":"1.0"},{"v":1,"d":"1.0"}]
["Pulverizador Tratorizado","Unidade",46,{"v":1,"d":"1.0"},{"v":1.61,"d":"1.6"},{"v":5,"d":"5.0"},{"v":74,"d":"74.0"}]
["Resfriador de Leite, Tanque Expansão","Unidade",3,{"v":1,"d":"1.0"},{"v":1,"d":"1.0"},{"v":1,"d":"1.0"},{"v":3,"d":"3.0"}]
["Semeadeira/Adubadeira para Plantio Convencional","Unidade",24,{"v":1,"d":"1.0"},{"v":1.75,"d":"1.8"},{"v":5,"d":"5.0"},{"v":42,"d":"42.0"}]
["Semeadeira/Plantadeira Plantio Direto","Unidade",29,{"v":1,"d":"1.0"},{"v":2.21,"d":"2.2"},{"v":5,"d":"5.0"},{"v":64,"d":"64.0"}]
["Terraceador","Unidade",5,{"v":1,"d":"1.0"},1.2,{"v":2,"d":"2.0"},{"v":6,"d":"6.0"}]
["Trator de Esteiras","Unidade",1,{"v":1,"d":"1.0"},{"v":1,"d":"1.0"},{"v":1,"d":"1.0"},{"v":1,"d":"1.0"}]
["Trator de Pneus","Unidade",54,{"v":1,"d":"1.0"},{"v":3.11,"d":"3.1"},{"v":12,"d":"12.0"},{"v":168,"d":"168.0"}]
["Açude/Represa","Unidade",19,{"v":1,"d":"1.0"},{"v":1.74,"d":"1.7"},{"v":6,"d":"6.0"},{"v":33,"d":"33.0"}]
["Almoxarifado/Oficina","Unidade",12,{"v":1,"d":"1.0"},{"v":1,"d":"1.0"},{"v":1,"d":"1.0"},{"v":12,"d":"12.0"}]
["Armazém para Grãos Ensacados","Sacas",17,{"v":1,"d":"1.0"},{"v":5883.47,"d":"5,883.5"},{"v":100000,"d":"100,000.0"},{"v":100019,"d":"100,019.0"}]
["Balança para Bovinos","Unidade",4,{"v":1,"d":"1.0"},{"v":1,"d":"1.0"},{"v":1,"d":"1.0"},{"v":4,"d":"4.0"}]
["Balança para Veículos","Unidade",5,{"v":1,"d":"1.0"},1.2,{"v":2,"d":"2.0"},{"v":6,"d":"6.0"}]
["Barracão para Granja/Avicultura","Unidade",1,{"v":1,"d":"1.0"},{"v":1,"d":"1.0"},{"v":1,"d":"1.0"},{"v":1,"d":"1.0"}]
["Barracão/Galpão/Garagem","Unidade",65,{"v":1,"d":"1.0"},{"v":1.08,"d":"1.1"},{"v":3,"d":"3.0"},{"v":70,"d":"70.0"}]
["Casa de Moradia Habitada","Unidade",78,{"v":1,"d":"1.0"},{"v":1.58,"d":"1.6"},{"v":5,"d":"5.0"},{"v":123,"d":"123.0"}]
["Casa de Moradia Total","Unidade",93,{"v":1,"d":"1.0"},{"v":2.11,"d":"2.1"},{"v":8,"d":"8.0"},{"v":196,"d":"196.0"}]
["Curral/Mangueira","Unidade",44,{"v":1,"d":"1.0"},{"v":1,"d":"1.0"},{"v":1,"d":"1.0"},{"v":44,"d":"44.0"}]
["Depósito/Tulha","Unidade",28,{"v":1,"d":"1.0"},{"v":1.11,"d":"1.1"},{"v":2,"d":"2.0"},{"v":31,"d":"31.0"}]
["Engenho","Unidade",1,{"v":1,"d":"1.0"},{"v":1,"d":"1.0"},{"v":1,"d":"1.0"},{"v":1,"d":"1.0"}]
["Estábulo","Unidade",3,{"v":1,"d":"1.0"},{"v":1.33,"d":"1.3"},{"v":2,"d":"2.0"},{"v":4,"d":"4.0"}]
["Máquina de Benefício","Unidade",4,{"v":1,"d":"1.0"},{"v":1.25,"d":"1.3"},{"v":2,"d":"2.0"},{"v":5,"d":"5.0"}]
["Pocilga","Unidade",42,{"v":1,"d":"1.0"},{"v":1.07,"d":"1.1"},{"v":3,"d":"3.0"},{"v":45,"d":"45.0"}]
["Poço Semi-Artesiano","Unidade",27,{"v":1,"d":"1.0"},{"v":1.04,"d":"1.0"},{"v":2,"d":"2.0"},{"v":28,"d":"28.0"}]
["Secador de Grãos","Unidade",5,{"v":1,"d":"1.0"},1.2,{"v":2,"d":"2.0"},{"v":6,"d":"6.0"}]
["Silo para Grãos","t",8,{"v":1,"d":"1.0"},{"v":1100.75,"d":"1,100.8"},{"v":7000,"d":"7,000.0"},{"v":8806,"d":"8,806.0"}]
["Silo para Silagem","t",4,{"v":2,"d":"2.0"},90.5,{"v":200,"d":"200.0"},{"v":362,"d":"362.0"}]
["Terreiro","m²",5,{"v":1,"d":"1.0"},87.4,{"v":180,"d":"180.0"},{"v":437,"d":"437.0"}]
["Fonte: Secretaria de Agricultura e Abastecimento, CDRS/IEA, Projeto LUPA."]
[]
["TABELA 185.4 - Outras Estatísticas Agrícolas, Município de Florínea, Estado de São Paulo, 2007/08."]
["ITEM","Número de UPAs",null,"Percentual"]
["Faz Parte de Associação de Produtores",136,null,{"v":69.38775510204081,"d":"69.4"}]
["Faz Parte de Cooperativa de Produtores",158,null,{"v":80.61224489795917,"d":"80.6"}]
["Faz Parte do Sindicato de Produtores",68,null,{"v":34.69387755102041,"d":"34.7"}]
["Não utiliza assistência técnica ",14,null,{"v":7.142857142857143,"d":"7.1"}]
["Utiliza somente assistência técnica governamental ",8,null,{"v":4.081632653061225,"d":"4.1"}]
["Utiliza somente assistência técnica privada ",4,null,{"v":2.0408163265306123,"d":"2.0"}]
["Utiliza assistência técnica tanto governamental quanto privada",170,null,{"v":86.73469387755101,"d":"86.7"}]
["Utiliza Crédito Rural",152,null,{"v":77.55102040816327,"d":"77.6"}]
["Utiliza Seguro Rural",89,null,{"v":45.408163265306115,"d":"45.4"}]
["Utiliza Escrituração Agrícola",129,null,{"v":65.81632653061224,"d":"65.8"}]
["Acessa Internet p/ Fins na Agropecuária",19,null,{"v":9.693877551020408,"d":"9.7"}]
["Utiliza Computador nas Atividades Agropecuárias",22,null,{"v":11.224489795918366,"d":"11.2"}]
["Utiliza Energia Elétrica Para Uso na Atividade Agrícola",130,null,{"v":66.3265306122449,"d":"66.3"}]
["Realiza Análise de Solo, quando necessário",176,null,{"v":89.79591836734693,"d":"89.8"}]
["Utiliza Práticas de Conservação de Solo, quando necessário",187,null,{"v":95.40816326530611,"d":"95.4"}]
["Faz Adubação Mineral, quando necessário",180,null,{"v":91.83673469387755,"d":"91.8"}]
["Faz Adubação Orgânica, quando necessário",109,null,{"v":55.61224489795919,"d":"55.6"}]
["Faz Adubação Verde, quando necessário",25,null,{"v":12.755102040816327,"d":"12.8"}]
["Utiliza Manejo Integrado de Pragas (MIP)",36,null,{"v":18.367346938775512,"d":"18.4"}]
["Utiliza Hidroponia","-",null,"-"]
["Utiliza Plasticultura","-",null,"-"]
["Utiliza Mudas Fiscalizadas",98,null,{"v":50,"d":"50.0"}]
["Utiliza Semente Melhorada",106,null,{"v":54.08163265306122,"d":"54.1"}]
["Faz Confinamento de Bovinos",2,null,{"v":1.0204081632653061,"d":"1.0"}]
["Utiliza Pastejo Intensivo",43,null,{"v":21.93877551020408,"d":"21.9"}]
["Faz Inseminação Artificial",2,null,{"v":1.0204081632653061,"d":"1.0"}]
["Faz Mineralização do Rebanho",51,null,{"v":26.02040816326531,"d":"26.0"}]
["Faz Vermifugação do Rebanho",52,null,{"v":26.53061224489796,"d":"26.5"}]
["Possui Parceiros /Arrendatários na Exploração Animal",46,null,{"v":23.46938775510204,"d":"23.5"}]
["Esporte e lazer","-",null,"-"]
["Extração mineral","-",null,"-"]
["Hotel Fazenda, Pousada ou SPA","-",null,"-"]
["Pesque-pague","-",null,"-"]
["Restaurante ou Lanchonete","-",null,"-"]
["Transformação artesanal","-",null,"-"]
["Turismo rural ou ecoturismo","-",null,"-"]
["Outras atividades econômicas rurais","-",null,"-"]
["Agroindústria","-",null,"-"]
["Proprietário sem instrução ou com instrução incompleta",5,null,{"v":2.5510204081632657,"d":"2.6"}]
["Proprietário com antigo primário completo",79,null,{"v":40.30612244897959,"d":"40.3"}]
["Proprietário com 1° grau (ou antigo ginasial) completo",20,null,{"v":10.204081632653061,"d":"10.2"}]
["Proprietário com 2° grau (ou antigo colegial) completo",34,null,{"v":17.346938775510203,"d":"17.3"}]
["Proprietário com curso superior completo ",53,null,{"v":27.04081632653061,"d":"27.0"}]
["Pessoa Jurídica",5,null,{"v":2.5510204081632657,"d":"2.6"}]
["Proprietário residente na própria UPA ",24,null,{"v":12.244897959183673,"d":"12.2"}]
["Fonte: Secretaria de Agricultura e Abastecimento, CDRS/IEA, Projeto LUPA."]
[]
["TABELA 185.5 - Área Cultivada, Município de Florínea, Estado de São Paulo, 2007/08."]
["CULTURA","N.DE UPAs","MÍNIMO","MÉDIO","MÁXIMO","TOTAL"]
["Cana-de-acucar",101,1.5,{"v":101.33,"d":"101.3"},{"v":1063.3,"d":"1,063.3"},{"v":10233.9,"d":"10,233.9"}]
["Soja",94,1.5,{"v":67.05,"d":"67.1"},653.4,{"v":6302.6,"d":"6,302.6"}]
["Milho Safrinha",94,1.3,{"v":64.34,"d":"64.3"},643.4,{"v":6047.7,"d":"6,047.7"}]
["Milho",16,1.3,{"v":72.06,"d":"72.1"},{"v":290,"d":"290.0"},{"v":1153,"d":"1,153.0"}]
["Braquiaria",21,0.2,{"v":11.21,"d":"11.2"},{"v":72,"d":"72.0"},235.5]
["Trigo",1,217.8,217.8,217.8,217.8]
["Outras gramineas para pastagem",9,0.4,{"v":22.79,"d":"22.8"},{"v":121,"d":"121.0"},205.1]
["Banana",6,2.4,{"v":15.42,"d":"15.4"},{"v":26,"d":"26.0"},92.5]
["Gramas",16,0.5,{"v":5.64,"d":"5.6"},{"v":21,"d":"21.0"},90.3]
["Eucalipto",15,0.6,{"v":4.37,"d":"4.4"},{"v":15,"d":"15.0"},65.5]
["Aveia",2,{"v":10,"d":"10.0"},30.4,50.8,60.8]
["Crotalaria",1,{"v":30,"d":"30.0"},{"v":30,"d":"30.0"},{"v":30,"d":"30.0"},{"v":30,"d":"30.0"}]
["Outras florestais",1,{"v":18,"d":"18.0"},{"v":18,"d":"18.0"},{"v":18,"d":"18.0"},{"v":18,"d":"18.0"}]
["Mandioca",1,14.5,14.5,14.5,14.5]
["Sorgo",1,2.4,2.4,2.4,2.4]
["Coco-da-baia",1,{"v":1,"d":"1.0"},{"v":1,"d":"1.0"},{"v":1,"d":"1.0"},{"v":1,"d":"1.0"}]
["Cafe",1,0.5,0.5,0.5,0.5]
["Fonte: Secretaria de Agricultura e Abastecimento, CDRS/IEA, Projeto LUPA."]